| 000 | 00518nam a22001697a 4500 | ||
|---|---|---|---|
| 003 | BD-DhUL | ||
| 005 | 20210927121526.0 | ||
| 008 | 170320s1963 pk ||||| |||| 00| 0 urd d | ||
| 040 |
_aBD-DhUL _cBD-DhUL |
||
| 082 |
_a891.43109 _bABW |
||
| 100 | 1 | _aعبد اللہ، سید | |
| 245 | 1 | 0 |
_aولی سے اقبال تک / _cسید عبد اﷲ |
| 260 |
_aلاھور : _bلہور اکیڈمی، _c۔۱۹۶۳ |
||
| 300 |
_aص۔ ۳۱۹ ؛ _c۲۰سم۔ |
||
| 650 | 0 |
_aUrdu poetry _xHistory and cirticism |
|
| 942 |
_2ddc _cBK |
||
| 999 |
_c212789 _d212789 |
||